000 00662nam a22002057a 4500
001 113772
003 DR-UNIBE
005 20250703150106.0
008 250625b2013 dr ||||| |||| 00| 0 spa d
020 _a9789945949075
040 _aBIBLIOTECA UNIBE
_bspa
_cBIBLIOTECA UNIBE
_erda
041 _aspa
082 _aF-RD 5993
245 _aLey número 61-13 del voluntariado en la República Dominicana
250 _aEdición promocional
260 _aSanto Domingo :
_bPrograma Progresando con Solidaridad :
_bAlianza ONG,
_c2013
300 _a60 páginas
650 7 _2lemb
_aVoluntariado en trabajo social
_zRepública Dominicana
_9197017
942 _2ddc
_cMX
999 _c113772
_d113772